Welcome to CU Library Online Public Access Catalogue (OPAC)

Environmental Science/ (Record no. 2150)

MARC details
000 -LEADER
fixed length control field 00552nam a22001697a 4500
005 - DATE AND TIME OF LATEST TRANSACTION
control field 20241213131920.0
008 - FIXED-LENGTH DATA ELEMENTS--GENERAL INFORMATION
fixed length control field 241213b |||||||| |||| 00| 0 eng d
020 ## - INTERNATIONAL STANDARD BOOK NUMBER
International Standard Book Number 9780697295866
050 ## - LIBRARY OF CONGRESS CALL NUMBER
Classification number QH541
Item number .E58
100 ## - MAIN ENTRY--PERSONAL NAME
Personal name Enger, Eldon D.
245 ## - TITLE STATEMENT
Title Environmental Science/
Remainder of title study of interrelationships
Statement of responsibility, etc. Eldon D. Enger & Bradley F. Smith
250 ## - EDITION STATEMENT
Edition statement 5th ed.
Remainder of edition statement special edition
260 ## - PUBLICATION, DISTRIBUTION, ETC.
Place of publication, distribution, etc. Dubuque, IA
Name of publisher, distributor, etc. Wm. C. Brown Publishers
Date of publication, distribution, etc. 1995
300 ## - PHYSICAL DESCRIPTION
Extent xvi.431p.
Other physical details ill. map. some color
Dimensions 28cm
700 ## - ADDED ENTRY--PERSONAL NAME
Personal name Smith, Bradley F.
942 ## - ADDED ENTRY ELEMENTS (KOHA)
Source of classification or shelving scheme Library of Congress Classification
Koha item type Books
Edition 5th ed.
Suppress in OPAC No
999 ## -
-- 2150
-- 2150
Holdings
Withdrawn status Lost status Source of classification or shelving scheme Damaged status Not for loan Collection Home library Current library Shelving location Date acquired Total checkouts Full call number Barcode Date last seen Copy number Price effective from Koha item type
    Library of Congress Classification     Non-fiction Science Library (Miotso) Science Library (Miotso) General stacks 12/13/2024   QH541 .E58 ENG SLM00001330 12/13/2024 1 12/13/2024 Books
© 2023-2024 Copyright: Central University Libraries. All Rights Reserved | Created by: Mahone Tech Office